I am Behind You (Record no. 3391)

MARC details
000 -LEADER
fixed length control field 00379nam a22001457a 4500
008 - FIXED-LENGTH DATA ELEMENTS--GENERAL INFORMATION
fixed length control field 250512b |||||||| |||| 00| 0 eng d
020 ## - INTERNATIONAL STANDARD BOOK NUMBER
ISBN 9781786480392
100 ## - MAIN ENTRY--AUTHOR
Author Ajvide John LindQuist
245 ## - TITLE STATEMENT
Title I am Behind You
260 ## - PUBLICATION, DISTRIBUTION, ETC. (IMPRINT)
Place of publication London
Name of publisher Quercus Education Limited
Date of publication 2014
300 ## - COLLATION
Pagination 405P.
650 ## - TRACINGS
Main Subject Family Vacation and Fiction
942 ## - ADDED ENTRY ELEMENTS (KOHA)
Item type Books
050 ## - LIBRARY OF CONGRESS CALL NUMBER
Classification number PT9877.22
Item number .A58
Holdings
Source of classification or shelving scheme Not for loan Permanent location Current location Date acquired Accession No. Full call number Barcode. Koha item type
Library of Congress Classification   Samuel Ogbemudia Main Library, University of Abuja Samuel Ogbemudia Main Library, University of Abuja 05/12/2025 2024/63586 PT9877.22.A58 2025-1861 Books